[Event "Llinars del Valles op-A 13th"]
[Site "Llinars del Valles"]
[Date "2019.06.08"]
[Round "7"]
[White "Lorenzo Martinez, Ruben"]
[Black "Blesa Puig, Pau"]
[Result "1-0"]
[WhiteElo "1750"]
[BlackElo "1571"]
[PlyCount "75"]
[EventDate "2019.03.30"]
[EventType "swiss"]
[EventRounds "8"]
[EventCountry "ESP"]
[SourceTitle "EXT 2020"]
[Source "ChessBase"]
[SourceDate "2019.10.17"]
[SourceVersion "1"]
[SourceVersionDate "2019.10.17"]
[SourceQuality "1"]

1. d4 d5 2. Bf4 Nf6 3. e3 c5 4. Nf3 Nc6 5. c3 Qb6 6. Qb3 c4 7. Qc2 Bf5 8. Qc1 e6 9. Nbd2 Be7 10. b3 cxb3 11. axb3 0-0 12. Be2 Rfc8 13. 0-0 Ne4 14. c4 Bb4 15. c5 Qd8 16. Nxe4 Bxe4 17. Ne5 b6 18. Ba6 Nxe5 19. Bxe5 Qg5 20. f3 Bxc5 21. Bxc8 Bd3 22. Bf4 Qe7 23. dxc5 e5 24. cxb6 exf4 25. b7 Rb8 26. Rxa7 Bxf1 27. Ra8 Qd6 28. Rxb8 Qxb8 29. Kxf1 g6 30. exf4 h5 31. Qe3 Qd6 32. Qe8+ Kh7 33. Qe5 Qa6+ 34. Kf2 Qa2+ 35. Kg3 h4+ 36. Kh3 d4 37. b8Q d3 38. Bb7 1-0

[Event "Llinars del Valles op-A 13th"]
[Site "Llinars del Valles"]
[Date "2019.05.04"]
[Round "4"]
[White "Blesa Puig, Pau"]
[Black "Parra Ordorica, Gorka"]
[Result "0-1"]
[WhiteElo "1571"]
[BlackElo "1784"]
[PlyCount "116"]
[EventDate "2019.03.30"]
[EventType "swiss"]
[EventRounds "8"]
[EventCountry "ESP"]
[SourceTitle "EXT 2020"]
[Source "ChessBase"]
[SourceDate "2019.10.17"]
[SourceVersion "1"]
[SourceVersionDate "2019.10.17"]
[SourceQuality "1"]

1. e4 c5 2. Nf3 e6 3. b3 b6 4. Bb2 Bb7 5. d3 Qc7 6. Be2 d6 7. 0-0 Nd7 8. c4 Ngf6 9. Nc3 a6 10. Qc2 Be7 11. Rfd1 0-0 12. d4 cxd4 13. Nxd4 Nc5 14. Bf3 Rac8 15. Rac1 Qb8 16. Qe2 Bd8 17. g3 Bc7 18. Bg2 Qa8 19. f3 Rfe8 20. Qf2 d5 21. cxd5 exd5 22. b4 dxe4 23. bxc5 bxc5 24. Nf5 exf3 25. Bh3 Be5 26. Nd6 Bd4 27. Rxd4 cxd4 28. Nxe8 Rxe8 29. Qxd4 Rd8 30. Qf2 Qb8 31. Re1 Qc7 32. Qe3 h6 33. Bf5 Qc6 34. Ne4 Nxe4 35. Bxe4 Qxe4 36. Qxe4 Bxe4 37. Rxe4 Rd1+ 38. Kf2 Rd2+ 39. Kxf3 Rxb2 40. Ra4 Rb6 41. Ke4 g5 42. Kd5 Kg7 43. g4 Kg6 44. h3 h5 45. Ke5 hxg4 46. hxg4 Rf6 47. Rb4 Re6+ 48. Kd5 Kg7 49. Ra4 Kf6 50. Rc4 Kg6 51. Ra4 Rb6 52. Kc5 Rf6 53. Kd5 Kg7 54. Ke5 Rb6 55. Kd5 Re6 56. Rc4 Rf6 57. Ke5 Rb6 58. Ra4 Rb5+ 0-1

[Event "Llinars del Valles op-A 13th"]
[Site "Llinars del Valles"]
[Date "2019.04.06"]
[Round "2"]
[White "Blesa Puig, Pau"]
[Black "Torralba Brosa, Marc"]
[Result "1-0"]
[WhiteElo "1571"]
[BlackElo "1780"]
[PlyCount "87"]
[EventDate "2019.03.30"]
[EventType "swiss"]
[EventRounds "8"]
[EventCountry "ESP"]
[SourceTitle "EXT 2020"]
[Source "ChessBase"]
[SourceDate "2019.10.17"]
[SourceVersion "1"]
[SourceVersionDate "2019.10.17"]
[SourceQuality "1"]

1. e4 c5 2. c4 Nc6 3. Nf3 e5 4. Be2 g6 5. 0-0 Bg7 6. Nc3 Nge7 7. d3 0-0 8. Nd5 d6 9. a3 a5 10. Rb1 Rb8 11. b4 axb4 12. axb4 cxb4 13. Nxb4 Nxb4 14. Rxb4 Nc6 15. Rb1 Bg4 16. Be3 f5 17. h3 Bxf3 18. Bxf3 f4 19. Bb6 Qe7 20. Qb3 Kh8 21. Rfc1 Nd4 22. Bxd4 exd4 23. Qb6 Rf6 24. Qa7 Rff8 25. Rb6 Qc7 26. Rcb1 Rf7 27. e5 Qd8 28. Rxd6 Qe8 29. e6 Re7 30. Bc6 Qf8 31. Bd7 f3 32. g3 Be5 33. Rdb6 Qf5 34. Kh2 Qxd3 35. Rxb7 Rf8 36. Qc5 Qe2 37. R7b2 Bxg3+ 38. Kxg3 Qe4 39. Qd6 g5 40. Kh2 g4 41. Rb8 g3+ 42. Qxg3 Ree8 43. Rxe8 Rxe8 44. Rg1 1-0

[Event "Llinars del Valles op-B 10th"]
[Site "Llinars del Valles"]
[Date "2016.05.28"]
[Round "8"]
[White "Blesa Puig, Pau"]
[Black "Soler Colomer, Joan"]
[Result "1-0"]
[WhiteElo "1406"]
[BlackElo "1541"]
[PlyCount "63"]
[EventDate "2016.04.02"]
[EventType "swiss"]
[EventRounds "9"]
[EventCountry "ESP"]
[SourceTitle "CBM 172 Extra"]
[Source "ChessBase"]
[SourceDate "2016.06.21"]
[SourceVersion "1"]
[SourceVersionDate "2016.06.21"]
[SourceQuality "1"]

1. e4 g6 2. d4 Bg7 3. c4 d6 4. Nc3 a6 5. Be2 Nd7 6. Nf3 e6 7. 0-0 Ne7 8. Be3 0-0 9. Qd2 c5 10. dxc5 dxc5 11. Rad1 Nc6 12. Bh6 Qe7 13. Bxg7 Kxg7 14. Qd6 Qf6 15. Qg3 Nd4 16. Nxd4 cxd4 17. e5 Nxe5 18. Ne4 Qf5 19. Rxd4 Nc6 20. Nd6 Qc2 21. Bd3 Qxb2 22. Rf4 f5 23. Rb1 Qxa2 24. Nxc8 Raxc8 25. Rxb7+ Rf7 26. Rxf7+ Kxf7 27. Qe3 Ne7 28. Rd4 h5 29. h4 a5 30. Rd6 Rc6 31. Qxe6+ Kf8 32. Rd8+ 1-0

[Event "Llinars del Valles op-B 9th"]
[Site "Llinars del Valles"]
[Date "2015.06.06"]
[Round "8"]
[White "Sentis Baena, Samuel"]
[Black "Blesa Puig, Pau"]
[Result "1-0"]
[WhiteElo "1778"]
[BlackElo "1843"]
[PlyCount "125"]
[EventDate "2015.04.11"]
[EventType "swiss"]
[EventRounds "9"]
[EventCountry "ESP"]
[SourceTitle "EXT 2018"]
[Source "ChessBase"]
[SourceDate "2017.10.13"]
[SourceVersion "1"]
[SourceVersionDate "2017.10.13"]
[SourceQuality "1"]

1. e4 c5 2. d4 cxd4 3. Nf3 g6 4. Nxd4 Bg7 5. Nc3 Nc6 6. Nxc6 bxc6 7. Bc4 d6 8. 0-0 Nf6 9. Bg5 0-0 10. Qd2 Bb7 11. Bh6 Bxh6 12. Qxh6 d5 13. Rad1 Qc7 14. exd5 cxd5 15. Nxd5 Bxd5 16. Bxd5 Nxd5 17. Rxd5 Qxc2 18. Rd2 Qa4 19. b3 Qa5 20. Rd3 Rfd8 21. Rh3 Qh5 22. Rxh5 gxh5 23. Qxh5 Rd2 24. Qg5+ Kh8 25. Qxd2 Rg8 26. Qd4+ Rg7 27. Rc1 h6 28. Rc7 f6 29. Rxe7 Rxe7 30. Qxf6+ Rg7 31. Qf8+ Kh7 32. f4 Rc7 33. h3 Rc1+ 34. Kh2 Rf1 35. Qf7+ Kh8 36. Qe8+ Kg7 37. Qd7+ Kg8 38. Qxa7 Rxf4 39. Qb8+ Rf8 40. Qg3+ Kf7 41. Qf3+ Kg8 42. Qxf8+ Kxf8 43. Kg3 Kf7 44. a4 Ke6 45. Kh4 Kd5 46. a5 Kc5 47. b4+ Kxb4 48. a6 Kc3 49. a7 Kd3 50. a8Q Kd4 51. Qa5 Ke3 52. Qa4 Kf2 53. Qa3 Kxg2 54. Qg3+ Kf1 55. Qh2 Ke1 56. Qg2 Kd1 57. Qf2 Kc1 58. Kg3 Kd1 59. Kf3 Kc1 60. Ke3 Kb1 61. Kd3 h5 62. Kc3 h4 63. Qb2# 1-0

[Event "Llinars del Valles op-B 8th"]
[Site "Llinars del Valles"]
[Date "2014.06.21"]
[Round "8"]
[White "Gonzalez Navarro, Carlos Manuel"]
[Black "Blesa Puig, Pau"]
[Result "0-1"]
[WhiteElo "1700"]
[BlackElo "1781"]
[PlyCount "124"]
[EventDate "2014.04.26"]
[EventType "swiss"]
[EventRounds "8"]
[EventCountry "ESP"]
[SourceTitle "EXT 2018"]
[Source "ChessBase"]
[SourceDate "2017.10.13"]
[SourceVersion "1"]
[SourceVersionDate "2017.10.13"]
[SourceQuality "1"]

1. e4 c5 2. Nf3 g6 3. Bc4 Bg7 4. Ng5 Nh6 5. Qf3 0-0 6. 0-0 Nc6 7. Qe2 d6 8. h3 e6 9. Nf3 d5 10. Bb5 Nb4 11. d3 a6 12. c3 axb5 13. cxb4 c4 14. Bxh6 Bxh6 15. Nc3 Bg7 16. Nxb5 Qb6 17. a4 cxd3 18. Qxd3 dxe4 19. Qxe4 Bxb2 20. Ra2 Bg7 21. Rd1 Rd8 22. Rxd8+ Qxd8 23. Rd2 Qe7 24. a5 Ra6 25. Rc2 Qd7 26. Qe2 Rc6 27. Na7 Rc7 28. Nxc8 Qxc8 29. Rxc7 Qxc7 30. a6 Qc1+ 31. Kh2 Qf4+ 32. g3 Qxb4 33. a7 Qa5 34. Qe3 Bf8 35. Ne5 Bc5 36. Qxc5 Qxc5 37. a8Q+ Kg7 38. Nd7 Qxf2+ 39. Kh1 Qe1+ 40. Kh2 Qd2+ 41. Kg1 Qxd7 42. Qa1+ f6 43. h4 e5 44. Kh2 e4 45. Qe1 Qe7 46. Qe3 Qb4 47. Kh3 Qc4 48. Qf4 Qe6+ 49. g4 Qb3+ 50. Kh2 Qc2+ 51. Kh3 Qd3+ 52. Kh2 Qe2+ 53. Kg1 Qe1+ 54. Kg2 Qe2+ 55. Kg1 Qf3 56. Qc7+ Kh6 57. Qc1+ e3 58. g5+ fxg5 59. hxg5+ Kh5 60. Kh2 Qf2+ 61. Kh3 e2 62. Qc4 Qf3+ 0-1

[Event "Catalunya Valles West-ch U14"]
[Site "Catalunya"]
[Date "2013.02.09"]
[Round "3.3"]
[White "Boixader Arbo, Xavier"]
[Black "Blesa Puig, Pau"]
[Result "1-0"]
[WhiteElo "1790"]
[BlackElo "1761"]
[PlyCount "65"]
[EventDate "2013.01.26"]
[EventType "swiss"]
[EventRounds "5"]
[EventCountry "ESP"]
[SourceTitle "EXT 2024"]
[Source "ChessBase"]
[SourceDate "2023.10.10"]
[SourceVersion "1"]
[SourceVersionDate "2023.10.10"]
[SourceQuality "1"]

1. e4 e6 2. d4 d5 3. exd5 exd5 4. c4 Ne7 5. Nc3 Nbc6 6. Be3 Bf5 7. a3 Qd7 8. c5 0-0-0 9. Bd3 Bg6 10. Nge2 Nf5 11. 0-0 h5 12. b4 h4 13. h3 Nxe3 14. fxe3 Qe6 15. Qd2 Be7 16. Nf4 Qd7 17. Bxg6 Bg5 18. Bd3 Bxf4 19. Rxf4 g5 20. Bf5 gxf4 21. Bxd7+ Rxd7 22. exf4 Rg8 23. Re1 f6 24. Qd3 Rg3 25. Re3 Rdg7 26. Rxg3 Rxg3 27. Qf5+ Kb8 28. Qxf6 Ka8 29. Qf8+ Nb8 30. Nxd5 a6 31. Nxc7+ Ka7 32. Qd6 Rxa3 33. Qb6# 1-0

[Event "Catalunya Valles West-ch U14"]
[Site "Catalunya"]
[Date "2013.02.02"]
[Round "2.2"]
[White "Blesa Puig, Pau"]
[Black "Borges de Clasca, Pol"]
[Result "0-1"]
[WhiteElo "1761"]
[BlackElo "1816"]
[PlyCount "124"]
[EventDate "2013.01.26"]
[EventType "swiss"]
[EventRounds "5"]
[EventCountry "ESP"]
[SourceTitle "EXT 2024"]
[Source "ChessBase"]
[SourceDate "2023.10.10"]
[SourceVersion "1"]
[SourceVersionDate "2023.10.10"]
[SourceQuality "1"]

1. e4 d6 2. d4 Nf6 3. Nc3 g6 4. Be3 Bg7 5. Qd2 0-0 6. Bh6 c6 7. 0-0-0 b5 8. f3 Bd7 9. g4 b4 10. Nce2 a5 11. h4 c5 12. g5 Bxh6 13. gxh6 c4 14. b3 cxb3 15. cxb3 Qb6 16. h5 a4 17. Qe3 axb3 18. Qxb3 Ba4 19. Qc4 Bxd1 20. Kxd1 b3 21. Nc3 bxa2 22. Nxa2 Qb1+ 23. Nc1 Nxh5 24. Bd3 Qa1 25. Nge2 Nd7 26. Qb5 Ra3 27. Rxh5 Rxd3+ 28. Qxd3 gxh5 29. Qb5 Rd8 30. Qxh5 Nf8 31. Qg5+ Ng6 32. f4 Qb1 33. Ng3 Rc8 34. f5 Qc2+ 35. Ke1 Qxc1+ 36. Qxc1 Rxc1+ 37. Kd2 Rg1 38. Ne2 Rh1 39. fxg6 fxg6 40. Nf4 Rxh6 41. Ne6 Kf7 42. d5 Rh5 43. Nd8+ Kf6 44. Ke3 Rg5 45. Kf4 h5 46. Ne6 Re5 47. Nd4 g5+ 48. Ke3 g4 49. Kf4 h4 50. Nf5 Rxf5+ 51. exf5 h3 52. Kg3 Kxf5 53. Kf2 h2 54. Kg2 g3 55. Kh1 Ke5 56. Kg2 Kxd5 57. Kh1 e5 58. Kg2 e4 59. Kh1 e3 60. Kg2 e2 61. Kh1 e1Q+ 62. Kg2 h1Q# 0-1

[Event "Cerdanyola del Valles op-B 31th"]
[Site "Cerdanyola del Valles"]
[Date "2013.??.??"]
[Round "6.8"]
[White "Blesa Puig, Pau"]
[Black "Estape Jorba, Miquel"]
[Result "0-1"]
[WhiteElo "1342"]
[BlackElo "1618"]
[PlyCount "128"]
[EventDate "2013.10.05"]
[EventType "swiss"]
[EventRounds "8"]
[EventCountry "ESP"]
[SourceTitle "EXT 2024"]
[Source "ChessBase"]
[SourceDate "2023.10.10"]
[SourceVersion "1"]
[SourceVersionDate "2023.10.10"]
[SourceQuality "1"]

1. e4 c5 2. Nf3 Nc6 3. d4 cxd4 4. Nxd4 g6 5. c4 Bg7 6. Be3 Nf6 7. Nc3 d6 8. Be2 Bd7 9. Rb1 0-0 10. 0-0 Nxd4 11. Bxd4 Bc6 12. f3 a5 13. b3 Nd7 14. Bxg7 Kxg7 15. Qd2 Qb6+ 16. Kh1 Ne5 17. Nd5 Bxd5 18. exd5 Qc5 19. Qb2 f6 20. Rfe1 Kf7 21. Bf1 g5 22. Qc2 Ng6 23. Qf5 Qc8 24. Bd3 Qxf5 25. Bxf5 Rad8 26. Re2 Rfe8 27. Rbe1 Nf4 28. Re3 h6 29. g3 Nh5 30. Bg4 Ng7 31. Kg2 f5 32. Bh3 h5 33. g4 f4 34. Re4 h4 35. Kg1 e6 36. dxe6+ Rxe6 37. R4e2 Rde8 38. Bf1 Rxe2 39. Rxe2 Rxe2 40. Bxe2 Ke6 41. h3 Ke5 42. Bd3 Kd4 43. Be4 b6 44. Kf2 Kc3 45. Ke2 Kb2 46. Kd3 Kxa2 47. Kc2 Ne6 48. Kc3 Nc5 49. Bc2 Ka3 50. Kd4 Nxb3+ 51. Bxb3 Kxb3 52. Kd5 a4 53. Kxd6 Kxc4 54. Kc6 b5 55. Kd6 a3 56. Ke5 a2 57. Kf5 a1Q 58. Kxg5 Qe1 59. Kxf4 b4 60. g5 b3 61. g6 b2 62. Kg5 Qg3+ 63. Kh6 b1Q 64. g7 Qbg6# 0-1